[Event "PHI-ch U08"]
[Site "San Antonio"]
[Date "2014.04.24"]
[Round "7"]
[White "Buniel, Ben Joseph"]
[Black "Romero, Gladimir Chester"]
[Result "0-1"]
[WhiteElo "1764"]
[BlackElo "1570"]
[PlyCount "66"]
[EventDate "2014.04.21"]
[EventType "swiss"]
[EventRounds "11"]
[EventCountry "PHI"]
[SourceTitle "CBM 160 Extra"]
[Source "ChessBase"]
[SourceDate "2014.07.01"]
[SourceVersion "1"]
[SourceVersionDate "2014.07.01"]
[SourceQuality "1"]

1. d4 d5 2. c4 Nf6 3. Nc3 c6 4. Bg5 Qd6 5. Bxf6 Qxf6 6. e3 Bf5 7. h3 g6 8. g4 Be6 9. f4 Nd7 10. Bd3 Nb6 11. c5 Nc4 12. Bxc4 dxc4 13. g5 Qf5 14. Nge2 Bd5 15. Ng3 Qe6 16. Rg1 Qxe3+ 17. Nge2 Qxh3 18. Nxd5 cxd5 19. Qc2 Qh4+ 20. Rg3 h6 21. 0-0-0 hxg5 22. Rxg5 Bh6 23. Rxd5 Bxf4+ 24. Nxf4 Qxf4+ 25. Kb1 e6 26. Re5 Rd8 27. Qxc4 Rh4 28. Qb5+ Rd7 29. b4 Ke7 30. Ree1 Qf5+ 31. Ka1 Rh2 32. Qc4 Qf2 33. a4 Qb2# 0-1